| 000 | 00398nam a2200157Ia 4500 | ||
|---|---|---|---|
| 008 | 230711s9999||||xx |||||||||||||| ||und|| | ||
| 041 | _aENG | ||
| 082 |
_a4 _bAS-C |
||
| 100 | _aAstrom,Karl Johan | ||
| 245 | 0 | _aComputer controlled system | |
| 250 | _a2nd | ||
| 260 |
_c1994 _aNew Delhi _bPHI Learning Private Limited |
||
| 650 | _aComputer Engineering | ||
| 700 | _aWittenmark,Bjorn | ||
| 942 | _cBK | ||
| 999 |
_c3221 _d3221 |
||